Activities for the differentiated classroom/ (Record no. 6648)
[ view plain ]
| 000 -LEADER | |
|---|---|
| fixed length control field | 01091nam a22002777a 4500 |
| 003 - CONTROL NUMBER IDENTIFIER | |
| control field | OSt |
| 005 - DATE AND TIME OF LATEST TRANSACTION | |
| control field | 20140310181914.0 |
| 008 - FIXED-LENGTH DATA ELEMENTS--GENERAL INFORMATION | |
| fixed length control field | 130715t xxu||||| |||| 00| 0 eng d |
| 020 ## - INTERNATIONAL STANDARD BOOK NUMBER | |
| International Standard Book Number | 9781412953368 |
| 050 ## - LIBRARY OF CONGRESS CALL NUMBER | |
| Classification number | LB 1031 |
| Item number | .G822 2008 |
| 082 ## - DEWEY DECIMAL CLASSIFICATION NUMBER | |
| Classification number | TR 371.2 |
| Item number | G823 2008 |
| 100 ## - MAIN ENTRY--PERSONAL NAME | |
| Personal name | Gregory, Gayle H. |
| 9 (RLIN) | 205 |
| 245 ## - TITLE STATEMENT | |
| Title | Activities for the differentiated classroom/ |
| Statement of responsibility, etc | Gregory, Gayle H.; Chapman, Carolyn |
| 260 ## - PUBLICATION, DISTRIBUTION, ETC. (IMPRINT) | |
| Place of publication, distribution, etc | Thousand Oaks, Calif : |
| Name of publisher, distributor, etc | Corwin Press Classroom, |
| Date of publication, distribution, etc | c2008. |
| 300 ## - PHYSICAL DESCRIPTION | |
| Extent | 96 p. : |
| Other physical details | ill. ; |
| Dimensions | 28 cm. |
| 500 ## - GENERAL NOTE | |
| General note | Includes bibliographical references. |
| 520 ## - SUMMARY, ETC. | |
| Summary, etc | Introducing Corwin Press ClassroomA'an innovative new imprint offering practical strategies for all grade levels. Derived from highly successful Corwin Press professional resources, Corwin Press |
| 521 ## - TARGET AUDIENCE NOTE | |
| Target audience note | |
| 541 ## - IMMEDIATE SOURCE OF ACQUISITION NOTE | |
| -- | 1 |
| 562 ## - COPY AND VERSION IDENTIFICATION NOTE | |
| Number of copies | 1 |
| 650 ## - SUBJECT ADDED ENTRY--TOPICAL TERM | |
| Topical term or geographic name as entry element | Individualized instruction. |
| 9 (RLIN) | 206 |
| 650 ## - SUBJECT ADDED ENTRY--TOPICAL TERM | |
| Topical term or geographic name as entry element | Cognitive styles in children. |
| 9 (RLIN) | 207 |
| 650 ## - SUBJECT ADDED ENTRY--TOPICAL TERM | |
| Topical term or geographic name as entry element | Mixed ability grouping in education. |
| 9 (RLIN) | 208 |
| 650 ## - SUBJECT ADDED ENTRY--TOPICAL TERM | |
| Topical term or geographic name as entry element | Activity programs in education. |
| 9 (RLIN) | 196 |
| 942 ## - ADDED ENTRY ELEMENTS (KOHA) | |
| Source of classification or shelving scheme | Library of Congress Classification |
| Koha item type | |
| Call number prefix | |
| Withdrawn status | Lost status | Source of classification or shelving scheme | Damaged status | Home library | Current library | Shelving location | Date acquired | Total Checkouts | Full call number | Barcode | Date last seen | Copy number | Price effective from | Koha item type |
|---|---|---|---|---|---|---|---|---|---|---|---|---|---|---|
| Library of Congress Classification | Luxembourg Library | Luxembourg Library | Teachers Reference Section | 07/15/2013 | LB 1031 .G822 2008 | 19353 | 08/13/2013 | 1 | 07/15/2013 | Books |